[Event "HUN Team League Ch. Csongrad Region"]
[Site "Csongrád County"]
[Date "2015.11.22"]
[Round "5.5"]
[White "Hajdu, Istvan"]
[Black "Adok, Janos"]
[Result "1/2-1/2"]
[WhiteElo "1992"]
[BlackElo "2241"]
[PlyCount "108"]
[EventDate "2015.09.20"]

1. e4 e6 2. Nf3 d5 3. exd5 exd5 4. d4 Bg4 5. h3 Bh5 6. Bd3 Nc6 7. c3 Bd6 8. O-O
Nge7 9. Re1 Qd7 10. b4 f6 11. b5 Na5 12. Ne5 Bxd1 13. Nxd7 Kxd7 14. Rxd1 Rae8
15. Nd2 b6 16. Kf1 g5 17. Re1 Bf4 18. Nb3 Bxc1 19. Raxc1 Nb7 20. a4 Nd6 21. Re2
Ng6 22. Rxe8 Rxe8 23. Bxg6 hxg6 24. Nd2 Rc8 25. Ke2 c6 26. bxc6+ Rxc6 27. Kd3
Nc4 28. Nxc4 Rxc4 29. Ra1 Kc7 30. Kc2 Rc6 31. Re1 Kd7 32. Kd3 Rc4 33. Ra1 Kd6
34. Ra2 Rc7 35. Ra1 Re7 36. Rb1 Kc6 37. Kd2 a6 38. Kd3 Re8 39. Kd2 Rb8 40. Ra1
a5 41. Re1 Kd7 42. Rb1 Kc7 43. Kd3 Re8 44. Kd2 Kc6 45. Kd3 Re7 46. Kd2 Rb7 47.
Rb5 Re7 48. Rb1 f5 49. Kd3 Re4 50. f3 Re7 51. Kd2 Re8 52. Kd3 f4 53. Kd2 Re3
54. Rb5 Re8 1/2-1/2

[Event "HUN Team League Ch. Csongrad Region"]
[Site "Csongrád County"]
[Date "2015.11.22"]
[Round "5.5"]
[White "Botka, Peter"]
[Black "Csipai, Levente"]
[Result "1-0"]
[WhiteElo "2126"]
[BlackElo "1896"]
[PlyCount "81"]
[EventDate "2015.09.20"]

1. d4 d5 2. Nf3 Nf6 3. Bg5 e6 4. c4 c6 5. e3 Nbd7 6. Nc3 Be7 7. Rc1 O-O 8. Qc2
h6 9. Bh4 dxc4 10. Bxc4 Nd5 11. Bxe7 Qxe7 12. O-O Nxc3 13. Qxc3 b6 14. e4 Bb7
15. Rfd1 Rac8 16. Qb3 Nf6 17. e5 Nd7 18. a4 Rfd8 19. a5 b5 20. Bd3 a6 21. Be4
Ba8 22. Qc3 b4 23. Qc4 Nb8 24. Qc5 Qb7 25. h4 Nd7 26. Qc4 Qb5 27. Qxb5 axb5 28.
Rc2 f5 29. Bd3 c5 30. Bxb5 Bxf3 31. gxf3 Nxe5 32. Be2 Nc6 33. Rxc5 Ne7 34. a6
Rxc5 35. dxc5 Rxd1+ 36. Bxd1 Nc6 37. Ba4 Na7 38. Kf1 Kf7 39. Ke2 h5 40. f4 e5
41. fxe5 1-0